| 000 | 00599cam a2200169 a 4500 | ||
|---|---|---|---|
| 020 | _a0803962444 (pbk. : alk. paper) | ||
| 040 | _cDLC | ||
| 082 | 0 | 0 | _a371 COW 1995 A013 Or. |
| 100 | 1 | _aPeterson, Kenneth D. | |
| 245 | 1 | 0 |
_aTeacher evaluation : _ba comprehensive guide to new directions and practices / |
| 260 |
_aThousand Oaks, Calif. : _bCorwin Press, _cc1995. |
||
| 300 |
_axi, 304 p. : _bill. ; _c28 cm. |
||
| 650 | 0 | _aTeachers | |
| 856 | 4 | 2 | _uhttp://www.loc.gov/catdir/enhancements/fy0655/95008742-d.html |
| 856 | 4 | 1 | _uhttp://www.loc.gov/catdir/enhancements/fy0655/95008742-t.html |
| 942 | _cEK | ||
| 999 |
_c12902 _d12902 |
||